| 000 | 00615nam a2200205 i 4500 | ||
|---|---|---|---|
| 001 | 128865 | ||
| 003 | ES-MaACL | ||
| 005 | 20230906193358.0 | ||
| 007 | t| | ||
| 008 | 070529s1968 sp ||||1| spa d | ||
| 080 | _a308(510)"1949/.." | ||
| 100 | 1 |
_aTaylor, Charles. _9109435 |
|
| 245 | 1 | 0 |
_aReporter en China Roja / _cCharles Taylor ; [versión de Jesús de la Torre]. |
| 250 | _a[1ª ed.]. | ||
| 260 |
_aBarcelona : _bAura, _c[1968] |
||
| 300 |
_a299 p. : _bil. ; _c21 cm. |
||
| 651 | 4 |
_aChina- _xSituación social. _98063 |
|
| 700 | 1 |
_aTorre, Jesús de la. _9110742 |
|
| 852 |
_aES-MaACL _jC-35413 _bR.66296 |
||
| 999 |
_c128865 _d128865 |
||